| 000 | 00000nam##2200000za#4500 |
| 001 | 9.605141 |
| 003 | CaOODSP |
| 005 | 20210624211950 |
| 007 | cr ||||||||||| |
| 008 | 150406|2008||||xxc|||||o f|0| 0 fre|d |
| 040 | |aCaOODSP|bfre |
| 043 | |an-cn--- |
| 086 | 1 |aTU3-5/08-39F-PDF |
| 110 | 2 |aBureau de la sécurité des transports du Canada. |
| 245 | 10|aPerte d'espacement mettant en cause le centre de contrôle régional d'Edmonton exploité par NAV CANADA à 30 nm au sud-ouest de Fort McMurray (Alberta), le 30 juillet 2008 |h[ressource électronique] |
| 260 | |aGatineau - Québec : |bBureau de la sécurité des transports du Canada |c[2008]. |
| 300 | |a13p.|bgraphiques, références |
| 490 | 1 |aRapport d'enquête aéronautique |vA08W0151 |
| 590 | |a13-02-Supp|b2013-01-11 |
| 775 | 08|tLoss of separation - NAV CANADA – Edmonton Area Control Centre Fort McMurray, Alberta, 30 nm SW, 30 July 2008 |w(CaOODSP)9.575647 |
| 830 | #0|aRapport d'enquête aéronautique ;|vA08W0151|w(CaOODSP)9.501229 |
| 856 | 40|ahttp://publications.gc.ca|qPDF|s470 Ko|uhttps://publications.gc.ca/collections/collection_2012/bst-tsb/TU3-5-08-39-fra.pdf|yA08W0151 |